000 00661cam a22002531 4500
001 17356
003 BD-RjUL
005 20211209000127.0
008 140216s1965 xx 001 0 eng
035 _a(BD-RjUL)17414
035 _a(OCoLC)1444167
040 _aDLC
_cFO
_dUk
_dDLC
_beng
041 _aeng
082 _a797.17
_bNOM 1965
100 1 _aNorman, Ken,
_d1920-
_953491
245 1 0 _aModern water-skiing /
_cKen Norman
260 _aLondon :
_bFaber and Faber,
_c1965
300 _a176 p. :
_billus. ;
_c23 cm.
504 _aIncludes index
650 0 _aWater skiing.
_953492
942 _2ddc
_cBK
999 _c17356
_d17356